Responses for Show #5910 - Friday, April 30, 2010

Buddy Wright game 3.

Contestants

[<< previous game]

Shubha Ghosh, a law professor from Madison, Wisconsin

Antoinette Aubert, a home-schooling mom from Vista, California

Buddy Wright, an operations engineer from Fort Worth, Texas (whose 2-day cash winnings total $51,202)

[next game >>]

Jeopardy! Round responses

NOVELS, BOOKS & LITERATURE
SCENE & HERD
STATES BY CITIES & TOWNS
TERMS OF ENBEERMENT
"V" DAY
GREAT WORK
    $200 2
Harry Potter

Antoinette
    $200 26
(Alex: You all remember the scenes from [*], a great, fun film. I love that one.)

City Slickers

Triple Stumper
    $200 8
Washington

Shubha
    $200 1
lager

Antoinette
    $200 16
vain

Shubha
    $200 21
economics

Antoinette
    $400 3
Dr. Phil

Buddy
    $400 27
The Lion King

Shubha
    $400 12
Texas

Buddy
    $400 4
ale

Buddy
    $400 17
vogue

Buddy
    $400 22
a mural

Antoinette
    $1,000 9
Patton

Shubha
    $600 28
Twister

Buddy
    $600 13
Kansas

Shubha
    $600 5
yeast

Buddy
    $600 18
vent

Triple Stumper
    $600 23
It Takes a Village

Shubha
    $800 10
Ship of Fools

Antoinette
    $800 29
[The end-of-round signal sounds.]

Jurassic Park

Buddy
    $800 14
Ohio

Buddy
    $800 6
alcohol by volume

Buddy
    $800 19
vignette

Buddy
    $800 24
Sarah Bernhardt

Antoinette
    $1000 11
Anne Brontë

Antoinette
    $1000 15
Louisiana

Triple Stumper
    $1000 7
hops

Buddy
    $1000 20
vigilante

Antoinette
    $1000 25
magnum opus

Buddy

Scores at the first commercial break (after clue 15):

Buddy Antoinette Shubha
$4,400 $2,200 $1,800

Scores at the end of the Jeopardy! Round:

Buddy Antoinette Shubha
$8,000 $4,600 $3,000

Double Jeopardy! Round responses

POPULAR SCIENCE
DISCO! DUCK!
GREEK LETTERS
TIME IS ON YOUR SIDE
PRESIDENTIAL SUCCESSION 2010
NOT GREAT WORK
    $400 21
friction

Shubha
    $400 16
Rick Dees

Buddy
    $400 11
omega

Buddy
    $400 27
a tricentennial

Antoinette
    $400 1
Timothy Geithner

Shubha
    $400 6
defective

Shubha
    $800 22
(Buddy: What is surface area?)

vibration

Buddy
Triple Stumper
    $800 17
Rod Stewart

Buddy
    $800 12
pi

Shubha
    $800 23
prehistorical

Shubha
    $800 2
(Alex: Yes, Secretary of Defense.)

Robert Gates

Shubha
    $800 7
Mickey Mouse

Buddy
    $1200 28
(Shubha: What is condensation?)
...
[The end-of-round signal sounds.]
(Alex: And I hope Sarah gets that thing back to my house.)

evaporation

Shubha
Triple Stumper
    $1200 18
(Shubha: What are the Bee Gees?)

KC & The Sunshine Band

BuddyShubha
    $1200 13
delta

Shubha
    $1200 24
a fiscal year

Shubha
    $1200 3
Pelosi

Buddy
    $1200 8
(Antoinette: What is chintz?)
(Alex: Yes. No--sorry.)
...
(Alex: Yes, it's we were looking for an adjective--you gave us the noun.)

chintzy

BuddyAntoinette
    $1600 19
Donna Summer

Buddy
    $1600 14
(Shubha: What is a phi?)

theta

Shubha
Triple Stumper
    $1600 25
a harvest moon

Shubha
    $1600 4
Eric Holder

Shubha
    $1600 9
(Shubha: What is flaws?)
...
(Alex: I look for them all the time--[*]--they're cheaper.)

seconds

Shubha
Triple Stumper
    $2000 20
Beethoven

Buddy
    $3,000 15
iota

Shubha
    $2,800 26
(Shubha: What is... [whispers] "Youthful exuberance"...)

salad days

Shubha
    $2000 5
Napolitano

Shubha
    $2000 10
slipshod

Triple Stumper

Scores at the end of the Double Jeopardy! Round:

Buddy Antoinette Shubha
$16,800 $3,800 $8,800

[wagering suggestions for these scores]

Final Jeopardy! Round responses

TOYS
AntoinetteWhat are Lincoln Logs?
$3,798
ShubhaWhat are Lincoln Logs?
$8,800
BuddyWhat are Lincoln Logs?
$801
Lincoln Logs

Final scores:

Buddy Antoinette Shubha
$17,601 $7,598 $17,600
3-day champion: $68,803 3rd place: $1,000 2nd place: $2,000

Game dynamics:

Coryat scores:

Buddy Antoinette Shubha
$16,800 $3,800 $10,200
21 R,
1 W
9 R,
1 W
18 R
(including 2 DDs),
5 W
(including 1 DD)

Combined Coryat: $30,800

[game clues] [game scores] [suggest correction]

Game tape date: 2010-02-03
The J! Archive is created by fans, for fans. Scraping, republication, monetization, and malicious use prohibited; this site may use cookies and collect identifying information. See terms. The Jeopardy! game show and all elements thereof, including but not limited to copyright and trademark thereto, are the property of Jeopardy Productions, Inc. and are protected under law. This website is not affiliated with, sponsored by, or operated by Jeopardy Productions, Inc. Join the discussion at JBoard.tv.